000 01005nam a2200265 a 4500
001 000024195
005 20250701132841.0
008 110120s1969 sp r 001 0 spa d
040 _aDO-SdBNP
_bspa
_cBNPHU
082 _a338.91724
_bM358p, 1969
100 1 _aMarrama, Vittorio
_949696
245 1 0 _aPolítica económica de los paises subdesarrollados /
_cVittorio Marrama ; traduccción Justo Fernández Buján ; prólogo Emilio de Figueroa.
250 _a3a ed ; 1a reimp.
260 _aMadrid :
_bAguilar,
_c1969.
300 _axxviii, 321 p. ;
_c21.5 cm.
490 1 _aBiblioteca de ciencias sociales
504 _aIncluye referencias bibliográficas y notas al pie de las páginas.
650 4 _aRegiones subdesarrolladas
_930626
650 0 _aDesarrollo económico
_985548
650 0 _aPolítica económica
_984931
700 1 _aFernández Buján, Justo,
_etr.
_949697
700 1 _aFigueroa, Emilio de,
_epról.
_949698
830 0 _aBiblioteca de ciencias sociales
_918539
049 _aBNGR
999 _c23689
_d23689